[Event "95th Caplin Hastings Congress"]
[Site "Hastings"]
[Date "2020.01.04"]
[Round "8.25"]
[White "Bin-Suhayl, Ieysaa"]
[Black "Pavlov, Mikhail"]
[Result "1-0"]
[WhiteElo "2177"]
[BlackElo "1961"]
[Annotator "ChessBase"]
[PlyCount "59"]
[EventDate "2019.12.28"]
[EventType "swiss"]
[EventCountry "ENG"]
[SourceTitle "playchess.com"]
[Source "ChessBase"]
[SourceQuality "1"]
[TimeControl "40/6600+30:3000+30"]

1. d4 {[%emt 0:09:36]} Nf6 {[%emt 0:09:35]} 2. c4 {[%emt 0:00:02]} c5 {[%emt 0:00:05]} 3. d5 {[%emt 0:00:02]} b5 {[%emt 0:00:05]} 4. cxb5 {[%emt 0:00:03]} a6 {[%emt 0:00:05]} 5. bxa6 {[%emt 0:00:02]} g6 {[%emt 0:00:06]} 6. Nc3 {[%emt 0:00:03]} Bxa6 {[%emt 0:00:05]} 7. e4 {[%emt 0:00:03]} Bxf1 {[%emt 0:00:05]} 8. Kxf1 {[%emt 0:00:03]} d6 {[%emt 0:00:06]} 9. g3 {[%emt 0:00:04]} Nbd7 {[%emt 0:00:03]} 10. Nf3 {[%emt 0:00:05]} Bg7 {[%emt 0:00:05]} 11. Kg2 {[%emt 0:00:03]} O-O {[%emt 0:00:06]} 12. a4 {[%emt 0:00:15]} Qb6 {[%emt 0:00:06]} 13. Qe2 {[%emt 0:00:00]} Rfb8 {[%emt 0:00:06]} 14. Nb5 {[%emt 0:00:11]} Ne8 {[%emt 0:00:06]} 15. Bg5 {[%emt 0:00:03]} Qd8 {[%emt 0:00:09]} 16. Ra3 {[%emt 0:00:34]} h6 {[%emt 0:00:35]} 17. Bf4 {[%emt 0:00:09]} Nc7 {[%emt 0:01:38]} 18. Nxc7 {[%emt 0:00:03]} Qxc7 {[%emt 0:02:13]} 19. b3 {[%emt 0:02:09]} Qb7 {[%emt 0:03:28]} 20. Nd2 {[%emt 0:15:39]} Qb4 {[%emt 0:11:50]} 21. Nc4 {[%emt 0:15:23]} g5 {[%emt 0:08:42]} 22. Bd2 {[%emt 0:03:28]} Bc3 {[%emt 0:00:46]} 23. Bxc3 {[%emt 0:26:48]} Qxc3 {[%emt 0:02:22]} 24. h4 {[%emt 0:04:07]} Nf6 {[%emt 0:03:52]} 25. hxg5 {[%emt 0:00:29]} hxg5 {[%emt 0:00:05]} 26. b4 {[%emt 0:10:05]} Qxb4 {[%emt 0:03:12]} 27. e5 {[%emt 0:02:31]} dxe5 {[%emt 0:05:11]} 28. Qxe5 {[%emt 0:00:12]} Nh7 {[%emt 0:01:41]} 29. Rf3 {[%emt 0:00:09]} f6 {[%emt 0:02:23]} 30. Qe6+ {[%emt 0:00:09]} 1-0

[Event "95th Caplin Hastings Congress"]
[Site "Hastings"]
[Date "2020.01.04"]
[Round "8.26"]
[White "Gutierrez Carmona, Juan Alejandr"]
[Black "Chapman, Matt"]
[Result "1-0"]
[WhiteElo "2153"]
[BlackElo "1953"]
[Annotator "NA"]
[PlyCount "71"]
[EventDate "2019.12.28"]
[EventType "swiss"]
[EventCountry "ENG"]
[SourceTitle "playchess.com"]
[Source "ChessBase"]
[SourceQuality "1"]
[TimeControl "40/6600+30:3000+30"]

1. e4 {[%emt 0:15:51]} e5 {[%emt 0:09:51]} 2. Nf3 {[%emt 0:02:02]} Nc6 {[%emt 0:00:08]} 3. Bb5 {[%emt 0:00:05]} a6 {[%emt 0:00:17]} 4. Ba4 {[%emt 0:00:06]} Nf6 {[%emt 0:00:13]} 5. d3 {[%emt 0:00:15]} d6 {[%emt 0:00:46]} 6. c3 {[%emt 0:00:27]} g6 {[%emt 0:04:18]} 7. O-O {[%emt 0:00:11]} Bg7 {[%emt 0:00:12]} 8. h3 {[%emt 0:00:41]} O-O {[%emt 0:02:08]} 9. Re1 {[%emt 0:00:07]} h6 {[%emt 0:01:29]} 10. b4 {[%emt 0:01:08]} b5 {[%emt 0:07:08]} 11. Bb3 {[%emt 0:00:38]} a5 {[%emt 0:00:42]} 12. Bd2 {[%emt 0:07:57]} a4 {[%emt 0:11:49]} 13. Bc2 {[%emt 0:00:12]} d5 {[%emt 0:00:45]} 14. Qc1 {[%emt 0:12:43]} Kh7 {[%emt 0:02:01]} 15. Be3 {[%emt 0:03:33]} dxe4 {[%emt 0:03:43]} 16. dxe4 {[%emt 0:00:02]} Nd7 {[%emt 0:21:58]} 17. Na3 {[%emt 0:01:28]} Ba6 {[%emt 0:00:43]} 18. Bd3 {[%emt 0:09:47]} Qb8 {[%emt 0:02:21]} 19. Rd1 {[%emt 0:04:29]} Ne7 {[%emt 0:06:46]} 20. Rd2 {[%emt 0:14:37]} Rd8 {[%emt 0:01:56]} 21. Qf1 {[%emt 0:00:18]} c6 {[%emt 0:01:36]} 22. Rad1 {[%emt 0:00:05]} Qc7 {[%emt 0:01:29]} 23. c4 {[%emt 0:00:52]} Nf8 {[%emt 0:06:47]} 24. cxb5 {[%emt 0:00:50]} cxb5 {[%emt 0:00:16]} 25. Bxb5 {[%emt 0:08:09]} Rxd2 {[%emt 0:02:00]} 26. Nxd2 {[%emt 0:03:35]} Qc3 {[%emt 0:07:59]} 27. Bxa6 {[%emt 0:03:10]} Qxa3 {[%emt 0:00:00]} 28. Bc5 {[%emt 0:00:21]} Qxa2 {[%emt 0:02:01]} 29. Bxe7 {[%emt 0:02:09]} Qe6 {[%emt 0:03:51]} 30. Bb7 {[%emt 0:02:16]} Rb8 {[%emt 0:01:53]} 31. Bxf8 {[%emt 0:00:08]} Bxf8 {[%emt 0:00:04]} 32. Bd5 {[%emt 0:00:11]} Qb6 {[%emt 0:01:11]} 33. Nc4 {[%emt 0:00:43]} Qxb4 {[%emt 0:00:35]} 34. Nxe5 {[%emt 0:00:22]} Rc8 {[%emt 0:02:23]} 35. Qa6 {[%emt 0:01:49]} Rd8 {[%emt 0:07:11]} 36. Qf6 {[%emt 0:01:29]} 1-0

[Event "95th Caplin Hastings Congress"]
[Site "Hastings"]
[Date "2020.01.04"]
[Round "8.27"]
[White "Rudd, Jack"]
[Black "Sugden, John N"]
[Result "1-0"]
[WhiteElo "2331"]
[BlackElo "2065"]
[Annotator "TA"]
[PlyCount "81"]
[EventDate "2019.12.28"]
[EventType "swiss"]
[EventCountry "ENG"]
[SourceTitle "playchess.com"]
[Source "ChessBase"]
[SourceQuality "1"]

{[%evp 23,81,0,0,-9,33,0,0,-29,-20,-52,-48,-234,-85,-77,-89,-80,-78,-89,-85,-97,-97,-125,-105,-118,-95,-115,-76,-87,-82,-108,-87,-76,0,0,30,14,61,30,110,0,135,158,256,256,236,255,261,247,433,426,780,772,766,702,1154,1038,887,879,29987,29988]} 1. d4 Nf6 2. c4 e6 3. Nf3 b6 4. g3 Bb7 5. Bg2 Be7 6. O-O O-O 7. d5 exd5 8. Nh4 c6 9. cxd5 Nxd5 10. Nf5 Nc7 11. e4 d5 12. Nc3 Nba6 13. Bf4 {E17: Queen's Indian: 4 g3 Bb7 5 Bg2 Be7} (13. exd5 cxd5 14. Bf4 Bf6 15. Re1 Bc8 16. Nd6 Bxc3 17. bxc3 Be6 18. Qh5 Qf6 19. c4 Qg6 20. Qh4 Nc5 21. Qe7 {½-½ (63) Sasikiran,K (2639)-Baklan,V (2618) Biel 2016}) 13... Nc5 14. Qg4 {[%csl Gf5][%cal Rg4g7]} g6 $146 ({Predecessor:} 14... N5e6 15. exd5 Nxd5 16. Rad1 Kh8 17. Rfe1 Bf6 18. Nd6 Nexf4 19. Nxb7 {0-1 (47) Sarwer,J (2344)-Lehto,A (2200) Finland 2015}) 15. b4 {The position is equal.} N5e6 16. Bxc7 Nxc7 ({Don't play} 16... Qxc7 $6 17. exd5 cxd5 18. Nxd5 $14) 17. b5 $2 ({White should try} 17. Nxe7+ $15 Qxe7 18. exd5 cxd5 19. Rad1) 17... Nxb5 (17... Bf6 $19 {and Black stays clearly on top.} 18. bxc6 Bxc6 19. Nxd5 Nxd5) 18. Nxb5 cxb5 19. Nxe7+ Qxe7 20. exd5 {Threatens to win with d6!} Qd6 21. Qd4 Rac8 22. Rac1 Rc5 23. Rc3 Rfc8 24. Re3 Rc1 ({But not} 24... Bxd5 $6 25. Rd3 $11) 25. Rfe1 Rxe1+ 26. Rxe1 Rd8 27. h4 Qf8 ({Better is} 27... h5 $17) 28. h5 $11 Bc8 29. Qf4 Rd6 30. h6 {[%mdl 1024] White has compensation.} f6 (30... Bd7 $1 $11) 31. Qc1 ({Only move:} 31. Rc1 $1 $16 {[%cal Rc1c8] Rxc8! is the strong threat.} Bd7 32. Rc7) 31... Qd8 (31... a5 $11) 32. Qa3 $1 $16 a6 {[#]} (32... Kf7 $16) 33. Re8+ $1 $18 {[%mdl 512]} Qxe8 34. Qxd6 {[%mdl 64] Double Attack} Kf7 35. Qxb6 Qd7 $2 (35... g5 {is a better defense.} 36. Qc7+ Qd7) 36. d6 {aiming for Bd5+.} Ke6 {[#]} (36... g5 $142 37. Be4 a5) 37. Qc5 $1 {[%csl Gg2][%cal Rc5d5]} Bb7 38. Qe3+ Kf7 39. Qb3+ Kf8 40. Bxb7 {[%mdl 64] Qd5 would kill now. Overworked Piece} Qxb7 41. Qe6 {Accuracy: White = 57%, Black = 33%.} 1-0

[Event "95th Caplin Hastings Congress"]
[Site "Hastings"]
[Date "2020.01.04"]
[Round "8.28"]
[White "Terentiev, Sergei"]
[Black "Flear, Christine"]
[Result "1-0"]
[WhiteElo "2292"]
[BlackElo "2045"]
[Annotator "NA"]
[PlyCount "105"]
[EventDate "2019.12.28"]
[EventType "swiss"]
[EventCountry "ENG"]
[SourceTitle "playchess.com"]
[Source "ChessBase"]
[SourceQuality "1"]
[TimeControl "40/6600+30:3000+30"]

1. c4 {[%emt 0:09:33]} e6 {[%emt 0:10:26]} 2. Nf3 {[%emt 0:08:34]} Nf6 {[%emt 0:00:18]} 3. e3 {[%emt 0:01:49]} d5 {[%emt 0:05:50]} 4. b3 {[%emt 0:00:22]} Nbd7 {[%emt 0:02:14]} 5. Bb2 {[%emt 0:00:39]} Bd6 {[%emt 0:02:57]} 6. d4 {[%emt 0:00:13]} b6 {[%emt 0:00:46]} 7. cxd5 {[%emt 0:05:04]} exd5 {[%emt 0:00:27]} 8. Bd3 {[%emt 0:00:54]} Qe7 {[%emt 0:06:48]} 9. O-O {[%emt 0:02:28]} O-O {[%emt 0:00:20]} 10. a4 {[%emt 0:01:22]} a6 {[%emt 0:10:29]} 11. Ba3 {[%emt 0:03:39]} c5 {[%emt 0:17:31]} 12. Nbd2 {[%emt 0:10:05]} Bb7 {[%emt 0:05:58]} 13. Rc1 {[%emt 0:08:13]} Ne4 {[%emt 0:09:24]} 14. Re1 {[%emt 0:01:15]} f5 {[%emt 0:00:33]} 15. Bb2 {[%emt 0:03:57]} Rac8 {[%emt 0:19:33]} 16. Nf1 {[%emt 0:05:44]} Qe6 {[%emt 0:04:15]} 17. Qe2 {[%emt 0:09:44]} a5 {[%emt 0:01:24]} 18. Rc2 {[%emt 0:02:40]} Rc7 {[%emt 0:06:23]} 19. N3d2 {[%emt 0:03:34]} Qh6 {[%emt 0:01:54]} 20. f3 {[%emt 0:04:55]} Nxd2 {[%emt 0:05:49]} 21. Rxd2 {[%emt 0:04:16]} Nb8 {[%emt 0:00:22]} 22. dxc5 {[%emt 0:07:50]} Bxc5 {[%emt 0:01:02]} 23. Rc2 {[%emt 0:02:30]} Nc6 {[%emt 0:00:30]} 24. Rcc1 {[%emt 0:00:37]} Re7 {[%emt 0:00:45]} 25. Kh1 {[%emt 0:00:18]} Nb4 {[%emt 0:01:17]} 26. Bb1 {[%emt 0:04:05]} d4 {[%emt 0:01:23]} 27. Bxd4 {[%emt 0:00:37]} Bxd4 {[%emt 0:00:30]} 28. Qc4+ {[%emt 0:00:08]} Bd5 {[%emt 0:00:49]} 29. Qxd4 {[%emt 0:00:09]} Bxb3 {[%emt 0:00:07]} 30. Ng3 {[%emt 0:00:12]} g6 {[%emt 0:00:55]} 31. Qxb6 {[%emt 0:00:18]} f4 {[%emt 0:01:30]} 32. Nf5 {[%emt 0:01:53]} Rxf5 {[%emt 0:02:22]} 33. Bxf5 {[%emt 0:00:11]} Qh4 {[%emt 0:00:45]} 34. Be4 {[%emt 0:01:29]} fxe3 {[%emt 0:00:49]} 35. Rxe3 {[%emt 0:02:12]} Qg5 {[%emt 0:00:25]} 36. f4 {[%emt 0:02:17]} Qxf4 {[%emt 0:00:25]} 37. Qd8+ {[%emt 0:02:43]} Qf8 {[%emt 0:00:08]} 38. Qxf8+ {[%emt 0:00:20]} Kxf8 {[%emt 0:00:00]} 39. Rxb3 {[%emt 0:00:08]} Rxe4 {[%emt 0:00:08]} 40. h3 {[%emt 0:00:07]} Kg7 {[%emt 0:01:28]} 41. Rc5 {[%emt 0:50:16]} h5 {[%emt 0:09:48]} 42. Rxa5 {[%emt 0:00:00]} h4 {[%emt 0:00:42]} 43. Rg5 {[%emt 0:00:00]} Re1+ {[%emt 0:08:39]} 44. Kh2 {[%emt 0:00:00]} Nc2 {[%emt 0:00:28]} 45. Rg4 {[%emt 0:00:00]} Ne3 {[%emt 0:00:35]} 46. Rxh4 {[%emt 0:00:00]} Re2 {[%emt 0:00:38]} 47. Ra3 {[%emt 0:00:00]} Rxg2+ {[%emt 0:00:44]} 48. Kh1 {[%emt 0:00:00]} Re2 {[%emt 0:00:14]} 49. Ra1 {[%emt 0:00:00]} Ng2 {[%emt 0:02:16]} 50. Rg4 {[%emt 0:00:00]} Ne1 {[%emt 0:00:37]} 51. Rg3 {[%emt 0:00:00]} Nc2 {[%emt 0:00:31]} 52. Ra2 {[%emt 0:00:00]} Re1+ {[%emt 0:01:11]} 53. Rg1 {[%emt 0:00:00]} 1-0

[Event "95th Caplin Hastings Congress"]
[Site "Hastings"]
[Date "2020.01.04"]
[Round "8.29"]
[White "Okhai, Shabir"]
[Black "Wall, Tim P"]
[Result "0-1"]
[WhiteElo "2103"]
[BlackElo "2218"]
[Annotator "ChessBase"]
[PlyCount "132"]
[EventDate "2019.12.28"]
[EventType "swiss"]
[EventCountry "ENG"]
[SourceTitle "playchess.com"]
[Source "ChessBase"]
[SourceQuality "1"]
[TimeControl "40/6600+30:3000+30"]

1. e4 {[%emt 0:09:46]} e5 {[%emt 0:09:46]} 2. Nf3 {[%emt 0:00:05]} Nc6 {[%emt 0:00:14]} 3. Bc4 {[%emt 0:00:06]} Nf6 {[%emt 0:00:11]} 4. d3 {[%emt 0:00:45]} Be7 {[%emt 0:00:13]} 5. O-O {[%emt 0:00:25]} O-O {[%emt 0:00:10]} 6. Re1 {[%emt 0:00:08]} d6 {[%emt 0:00:10]} 7. c3 {[%emt 0:00:45]} Na5 {[%emt 0:01:59]} 8. Bb5 {[%emt 0:03:34]} a6 {[%emt 0:00:21]} 9. Ba4 {[%emt 0:00:05]} b5 {[%emt 0:00:11]} 10. Bc2 {[%emt 0:00:02]} c5 {[%emt 0:00:15]} 11. Nbd2 {[%emt 0:01:15]} Qc7 {[%emt 0:01:04]} 12. Nf1 {[%emt 0:00:50]} Re8 {[%emt 0:13:35]} 13. Ng3 {[%emt 0:00:43]} g6 {[%emt 0:03:00]} 14. Bg5 {[%emt 0:01:59]} Nd7 {[%emt 0:03:55]} 15. Bxe7 {[%emt 0:03:57]} Rxe7 {[%emt 0:00:09]} 16. Qd2 {[%emt 0:03:12]} Nf8 {[%emt 0:03:02]} 17. h3 {[%emt 0:08:36]} Ne6 {[%emt 0:05:38]} 18. Nh2 {[%emt 0:02:24]} Qd8 {[%emt 0:06:41]} 19. Ng4 {[%emt 0:05:17]} Rc7 {[%emt 0:02:19]} 20. Rad1 {[%emt 0:10:12]} Nf4 {[%emt 0:06:15]} 21. Ne3 {[%emt 0:11:08]} Be6 {[%emt 0:04:39]} 22. Bb1 {[%emt 0:08:55]} Qg5 {[%emt 0:05:23]} 23. Nd5 {[%emt 0:05:20]} Bxd5 {[%emt 0:04:42]} 24. exd5 {[%emt 0:00:57]} h5 {[%emt 0:12:14]} 25. Kh2 {[%emt 0:01:31]} h4 {[%emt 0:04:01]} 26. Rg1 {[%emt 0:00:39]} hxg3+ {[%emt 0:00:49]} 27. fxg3 {[%emt 0:00:08]} Nxh3 {[%emt 0:06:09]} 28. gxh3 {[%emt 0:00:09]} Qxd2+ {[%emt 0:00:18]} 29. Rxd2 {[%emt 0:00:02]} b4 {[%emt 0:00:51]} 30. Bc2 {[%emt 0:05:19]} bxc3 {[%emt 0:03:52]} 31. bxc3 {[%emt 0:00:21]} Rb8 {[%emt 0:01:01]} 32. Ba4 {[%emt 0:08:22]} Rcb7 {[%emt 0:02:11]} 33. g4 {[%emt 0:03:37]} f6 {[%emt 0:12:16]} 34. h4 {[%emt 0:03:25]} c4 {[%emt 0:03:23]} 35. d4 {[%emt 0:03:30]} exd4 {[%emt 0:01:16]} 36. Rxd4 {[%emt 0:01:42]} Rb2+ {[%emt 0:00:49]} 37. Rg2 {[%emt 0:01:19]} Rxg2+ {[%emt 0:00:10]} 38. Kxg2 {[%emt 0:00:02]} Rb2+ {[%emt 0:00:22]} 39. Kf3 {[%emt 0:01:18]} Rxa2 {[%emt 0:00:28]} 40. Be8 {[%emt 0:05:33]} Ra3 {[%emt 0:02:38]} 41. Bxg6 {[%emt 0:54:57]} Rxc3+ {[%emt 0:52:08]} 42. Kf4 {[%emt 0:00:00]} Nb3 {[%emt 0:00:00]} 43. Rd1 {[%emt 0:00:00]} Nc5 {[%emt 0:00:00]} 44. h5 {[%emt 0:00:00]} Kg7 {[%emt 0:00:00]} 45. Rd2 {[%emt 0:00:00]} Rb3 {[%emt 0:00:00]} 46. Re2 {[%emt 0:00:00]} Nd3+ {[%emt 0:00:00]} 47. Kf5 {[%emt 0:00:00]} Ne5 {[%emt 0:00:00]} 48. h6+ {[%emt 0:00:00]} Kxh6 {[%emt 0:00:00]} 49. Rh2+ {[%emt 0:00:00]} Kg7 {[%emt 0:00:00]} 50. Rh7+ {[%emt 0:00:00]} Kg8 {[%emt 0:00:00]} 51. Kxf6 {[%emt 0:00:00]} Rf3+ {[%emt 0:00:00]} 52. Kg5 {[%emt 0:00:00]} Rf4 {[%emt 0:04:02]} 53. Rh4 {[%emt 0:00:00]} Rd4 {[%emt 0:00:46]} 54. Kf6 {[%emt 0:00:00]} Nxg6 {[%emt 0:00:17]} 55. Kxg6 {[%emt 0:00:00]} c3 {[%emt 0:00:13]} 56. Rh1 {[%emt 0:00:44]} Rxd5 {[%emt 0:00:38]} 57. Rc1 {[%emt 0:01:26]} Rc5 {[%emt 0:01:52]} 58. Kf6 {[%emt 0:02:01]} a5 {[%emt 0:00:59]} 59. Ke6 {[%emt 0:01:13]} a4 {[%emt 0:00:30]} 60. Kxd6 {[%emt 0:00:07]} Rc8 {[%emt 0:00:09]} 61. Kd5 {[%emt 0:01:28]} c2 {[%emt 0:00:32]} 62. Kd4 {[%emt 0:00:23]} a3 {[%emt 0:00:09]} 63. Kd3 {[%emt 0:00:05]} a2 {[%emt 0:00:04]} 64. Kd2 {[%emt 0:00:54]} Kg7 {[%emt 0:00:26]} 65. Rxc2 {[%emt 0:01:28]} Rxc2+ {[%emt 0:00:15]} 66. Ke1 {[%emt 0:00:04]} a1=Q# {[%emt 0:00:12]} 0-1

[Event "95th Caplin Hastings Congress"]
[Site "Hastings"]
[Date "2020.01.04"]
[Round "8.30"]
[White "Pekin, Tolgay"]
[Black "Ratnesan, Ranesh"]
[Result "0-1"]
[WhiteElo "2080"]
[BlackElo "2252"]
[Annotator "ChessBase"]
[PlyCount "132"]
[EventDate "2019.12.28"]
[EventType "swiss"]
[EventCountry "ENG"]
[SourceTitle "playchess.com"]
[Source "ChessBase"]
[SourceQuality "1"]
[TimeControl "40/6600+30:3000+30"]

1. e4 {[%emt 0:09:34]} c5 {[%emt 0:09:48]} 2. Nf3 {[%emt 0:00:20]} d6 {[%emt 0:00:09]} 3. Bb5+ {[%emt 0:00:12]} Bd7 {[%emt 0:00:09]} 4. Bxd7+ {[%emt 0:00:11]} Nxd7 {[%emt 0:00:10]} 5. O-O {[%emt 0:00:26]} Ngf6 {[%emt 0:00:10]} 6. Qe2 {[%emt 0:00:38]} Rc8 {[%emt 0:00:08]} 7. c3 {[%emt 0:00:35]} e6 {[%emt 0:05:34]} 8. d4 {[%emt 0:01:06]} cxd4 {[%emt 0:04:52]} 9. cxd4 {[%emt 0:01:23]} d5 {[%emt 0:00:42]} 10. e5 {[%emt 0:01:25]} Ne4 {[%emt 0:01:54]} 11. Be3 {[%emt 0:01:37]} Be7 {[%emt 0:26:17]} 12. Ne1 {[%emt 0:04:15]} f5 {[%emt 0:01:52]} 13. f3 {[%emt 0:07:34]} Ng5 {[%emt 0:00:17]} 14. Nc3 {[%emt 0:03:43]} O-O {[%emt 0:02:24]} 15. Nd3 {[%emt 0:04:46]} Nb6 {[%emt 0:03:51]} 16. Rac1 {[%emt 0:09:59]} Nc4 {[%emt 0:10:03]} 17. Bf2 {[%emt 0:06:10]} b6 {[%emt 0:01:49]} 18. Nf4 {[%emt 0:22:04]} Qd7 {[%emt 0:01:24]} 19. Rc2 {[%emt 0:15:12]} Rc6 {[%emt 0:07:51]} 20. Rfc1 {[%emt 0:04:13]} Rfc8 {[%emt 0:00:44]} 21. Qd3 {[%emt 0:04:05]} Nf7 {[%emt 0:13:14]} 22. Ncxd5 {[%emt 0:03:59]} exd5 {[%emt 0:00:55]} 23. e6 {[%emt 0:00:55]} Rxe6 {[%emt 0:00:32]} 24. Nxe6 {[%emt 0:07:10]} Qxe6 {[%emt 0:00:03]} 25. b3 {[%emt 0:02:19]} Ncd6 {[%emt 0:00:10]} 26. Rxc8+ {[%emt 0:02:43]} Nxc8 {[%emt 0:00:06]} 27. Qb5 {[%emt 0:02:01]} Nfd6 {[%emt 0:02:32]} 28. Qc6 {[%emt 0:00:25]} f4 {[%emt 0:09:17]} 29. Re1 {[%emt 0:00:35]} Qf7 {[%emt 0:00:40]} 30. Re5 {[%emt 0:01:10]} Bf8 {[%emt 0:01:53]} 31. Bh4 {[%emt 0:01:14]} Nf5 {[%emt 0:05:23]} 32. Bd8 {[%emt 0:00:58]} Ncd6 {[%emt 0:03:44]} 33. Qxd5 {[%emt 0:01:16]} Qxd5 {[%emt 0:00:26]} 34. Rxd5 {[%emt 0:00:03]} h6 {[%emt 0:02:32]} 35. Bc7 {[%emt 0:00:44]} Kf7 {[%emt 0:01:26]} 36. Bxd6 {[%emt 0:01:06]} Nxd6 {[%emt 0:00:10]} 37. Re5 {[%emt 0:00:20]} Kf6 {[%emt 0:01:28]} 38. Kf1 {[%emt 0:00:54]} Nf5 {[%emt 0:01:22]} 39. Re8 {[%emt 0:00:25]} Bd6 {[%emt 0:01:29]} 40. Ra8 {[%emt 0:00:59]} a5 {[%emt 0:01:42]} 41. Rd8 {[%emt 0:01:37]} Ke7 {[%emt 0:05:09]} 42. Rg8 {[%emt 0:03:00]} Kf7 {[%emt 0:00:17]} 43. Rd8 {[%emt 0:01:01]} Ke6 {[%emt 0:00:22]} 44. Ke2 {[%emt 0:03:51]} Nxd4+ {[%emt 0:07:31]} 45. Kd3 {[%emt 0:04:07]} Nc6 {[%emt 0:00:57]} 46. Re8+ {[%emt 0:00:43]} Kd5 {[%emt 0:00:34]} 47. a4 {[%emt 0:08:38]} Nd4 {[%emt 0:11:26]} 48. Kc3 {[%emt 0:01:12]} Nf5 {[%emt 0:05:16]} 49. Kd3 {[%emt 0:11:01]} Nd4 {[%emt 0:00:10]} 50. Kc3 {[%emt 0:00:21]} Ne6 {[%emt 0:00:49]} 51. Kd3 {[%emt 0:02:32]} Be5 {[%emt 0:01:20]} 52. Rc8 {[%emt 0:03:36]} g5 {[%emt 0:03:48]} 53. Rg8 {[%emt 0:02:20]} h5 {[%emt 0:03:26]} 54. Rc8 {[%emt 0:02:31]} g4 {[%emt 0:01:28]} 55. Rg8 {[%emt 0:01:36]} g3 {[%emt 0:01:49]} 56. h3 {[%emt 0:00:51]} Nc5+ {[%emt 0:00:22]} 57. Kc2 {[%emt 0:00:38]} Kd4 {[%emt 0:10:00]} 58. Re8 {[%emt 0:03:20]} h4 {[%emt 0:01:03]} 59. Kd1 {[%emt 0:02:39]} Nxb3 {[%emt 0:00:17]} 60. Re6 {[%emt 0:00:13]} Nc5 {[%emt 0:01:15]} 61. Rxb6 {[%emt 0:00:34]} Nxa4 {[%emt 0:00:05]} 62. Rh6 {[%emt 0:00:38]} Nc3+ {[%emt 0:00:34]} 63. Kc2 {[%emt 0:01:07]} Nd5 {[%emt 0:00:51]} 64. Rxh4 {[%emt 0:01:20]} Ne3+ {[%emt 0:00:06]} 65. Kb3 {[%emt 0:00:58]} Nxg2 {[%emt 0:00:09]} 66. Rg4 {[%emt 0:01:11]} Ke3 {[%emt 0:01:33]} 0-1

[Event "95th Caplin Hastings Congress"]
[Site "Hastings"]
[Date "2020.01.04"]
[Round "8.31"]
[White "McNally, Richard J E"]
[Black "Gallagher, Daniel GH"]
[Result "0-1"]
[WhiteElo "1967"]
[BlackElo "2171"]
[Annotator "NA"]
[PlyCount "128"]
[EventDate "2019.12.28"]
[EventType "swiss"]
[EventCountry "ENG"]
[SourceTitle "playchess.com"]
[Source "ChessBase"]
[SourceQuality "1"]
[TimeControl "40/6600+30:3000+30"]

1. d4 {[%emt 0:09:37]} Nf6 {[%emt 0:09:46]} 2. f3 {[%emt 0:00:23]} d5 {[%emt 0:01:10]} 3. e4 {[%emt 0:00:18]} e6 {[%emt 0:00:18]} 4. e5 {[%emt 0:00:45]} Nfd7 {[%emt 0:00:16]} 5. f4 {[%emt 0:00:41]} c5 {[%emt 0:00:06]} 6. Nf3 {[%emt 0:01:13]} Nc6 {[%emt 0:02:27]} 7. a3 {[%emt 0:00:35]} cxd4 {[%emt 0:14:01]} 8. b4 {[%emt 0:00:11]} a6 {[%emt 0:00:23]} 9. Bd3 {[%emt 0:00:28]} b5 {[%emt 0:22:57]} 10. Bb2 {[%emt 0:02:08]} Bb7 {[%emt 0:16:34]} 11. Nxd4 {[%emt 0:00:53]} Qb6 {[%emt 0:01:13]} 12. Nxc6 {[%emt 0:00:57]} Bxc6 {[%emt 0:00:47]} 13. Qe2 {[%emt 0:00:45]} a5 {[%emt 0:02:42]} 14. Nc3 {[%emt 0:08:52]} axb4 {[%emt 0:07:06]} 15. Nxb5 {[%emt 0:00:15]} Bxb5 {[%emt 0:00:13]} 16. Bxb5 {[%emt 0:00:09]} bxa3 {[%emt 0:00:06]} 17. Bc3 {[%emt 0:08:03]} Bc5 {[%emt 0:03:32]} 18. g3 {[%emt 0:01:59]} Ra7 {[%emt 0:02:27]} 19. Kf1 {[%emt 0:01:34]} O-O {[%emt 0:03:29]} 20. Kg2 {[%emt 0:01:53]} Bd4 {[%emt 0:07:38]} 21. Bxd4 {[%emt 0:01:09]} Qxd4 {[%emt 0:00:04]} 22. Bxd7 {[%emt 0:00:17]} Rxd7 {[%emt 0:00:05]} 23. Rxa3 {[%emt 0:00:15]} Rc7 {[%emt 0:00:03]} 24. Rd3 {[%emt 0:06:14]} Qb2 {[%emt 0:00:47]} 25. Rd2 {[%emt 0:00:55]} Rc3 {[%emt 0:01:20]} 26. Rf1 {[%emt 0:01:05]} Rfc8 {[%emt 0:03:02]} 27. Rf2 {[%emt 0:00:13]} Qb6 {[%emt 0:00:57]} 28. f5 {[%emt 0:02:36]} exf5 {[%emt 0:04:01]} 29. Rxf5 {[%emt 0:00:27]} Qe6 {[%emt 0:00:17]} 30. Qf2 {[%emt 0:00:57]} h6 {[%emt 0:02:00]} 31. Rf4 {[%emt 0:04:36]} R8c7 {[%emt 0:01:36]} 32. Rfd4 {[%emt 0:02:15]} R3c5 {[%emt 0:04:15]} 33. Qe2 {[%emt 0:01:52]} Qf5 {[%emt 0:04:36]} 34. Qd3 {[%emt 0:01:54]} Qxe5 {[%emt 0:02:52]} 35. c4 {[%emt 0:04:32]} Rxc4 {[%emt 0:01:25]} 36. Rxd5 {[%emt 0:00:49]} Qe4+ {[%emt 0:00:23]} 37. Qxe4 {[%emt 0:00:44]} Rxe4 {[%emt 0:00:04]} 38. Rf2 {[%emt 0:01:16]} f6 {[%emt 0:00:50]} 39. Rdd2 {[%emt 0:00:25]} Kh7 {[%emt 0:00:16]} 40. Ra2 {[%emt 0:00:21]} Kg6 {[%emt 0:00:16]} 41. Rab2 {[%emt 0:51:23]} h5 {[%emt 0:52:42]} 42. h4 {[%emt 0:01:24]} Rce7 {[%emt 0:00:00]} 43. Ra2 {[%emt 0:00:00]} Rg4 {[%emt 0:00:00]} 44. Ra3 {[%emt 0:00:00]} Rf7 {[%emt 0:00:00]} 45. Ra6 {[%emt 0:00:00]} Kh7 {[%emt 0:00:00]} 46. Ra5 {[%emt 0:00:00]} g6 {[%emt 0:00:00]} 47. Ra6 {[%emt 0:00:00]} f5 {[%emt 0:00:00]} 48. Kh3 {[%emt 0:00:00]} Re7 {[%emt 0:00:00]} 49. Rf3 {[%emt 0:00:00]} Re2 {[%emt 0:00:00]} 50. Ra7+ {[%emt 0:00:00]} Kh6 {[%emt 0:00:00]} 51. Ra6 {[%emt 0:00:00]} Rd4 {[%emt 0:00:00]} 52. Ra1 {[%emt 0:00:00]} Rdd2 {[%emt 0:00:00]} 53. Rh1 {[%emt 0:00:00]} Kg7 {[%emt 0:00:00]} 54. Ra3 {[%emt 0:00:00]} Rf2 {[%emt 0:00:00]} 55. Ra4 {[%emt 0:00:00]} Rd3 {[%emt 0:00:00]} 56. Rh2 {[%emt 0:00:00]} Rff3 {[%emt 0:00:00]} 57. Rg2 {[%emt 0:00:00]} f4 {[%emt 0:00:00]} 58. Kh2 {[%emt 0:00:00]} Rxg3 {[%emt 0:00:00]} 59. Rxg3 {[%emt 0:00:00]} fxg3+ {[%emt 0:00:00]} 60. Kg2 {[%emt 0:00:00]} g5 {[%emt 0:00:00]} 61. hxg5 {[%emt 0:00:00]} Kg6 {[%emt 0:00:00]} 62. Ra5 {[%emt 0:00:00]} h4 {[%emt 0:00:00]} 63. Ra4 {[%emt 0:00:00]} Rd2+ {[%emt 0:01:25]} 64. Kh3 {[%emt 0:00:00]} Rh2+ {[%emt 0:00:07]} 0-1